000 00621cam a22002411 4500
001 sa 63003093
003 DLC
005 20260227111939.0
008 941012m19619999ii a 000 0 beno
010 _asa 63003093
025 _aPL480:I-B-450
035 _a(OCoLC)31266258
040 _aDLC
_cCU
_dCU
_dDLC
042 _apremarc
050 0 0 _aHV7095.C3
_bG45
100 1 _aGhosal, Panchanan,
_d1905-
245 1 0 _aBikhyāta bicāra o tadanta kāhinī.
260 _c[1961-
300 _av.
_billus.
_c19 cm.
500 _aIn Bengali.
650 0 _aCrime
_zIndia
_zKolkata.
650 0 _aCriminals
_zIndia
_zKolkata.
999 _c54885
_d54885